| 000 | 01579nam0a2200361 4500 | ||
|---|---|---|---|
| 001 | RU\NLR\BIBL_A\022017170 | ||
| 005 | 20231003172848.0 | ||
| 010 |
_a978-5-9775-6882-1 _91200 |
||
| 021 |
_aRU _bКН-П-23-048877 _9КН-П-23-4882 |
||
| 035 | _a(NLR Aleph) 022017170 | ||
| 035 | _a(RuMoRGB)011990893 | ||
| 090 |
_a12501060 _c12501060 |
||
| 100 | _a20230901d2023 u y0rusy50 ca | ||
| 101 | 1 |
_arus _ceng |
|
| 102 | _aRU | ||
| 105 | _aa z 001zy | ||
| 181 | 0 |
_ai3 _baxxe |
|
| 182 | 0 | _an | |
| 200 | 1 |
_aPython для Excel _eсовременная среда для автоматизации и анализа данных _eперевод с английского _fФеликс Зумштейн _g[O'Reilly] |
|
| 203 |
_aТекст _bвизуальный _cнепосредственный |
||
| 210 |
_aСанкт-Петербург _cБХВ-Петербург _d2023 |
||
| 215 |
_a330 с. _cил., табл. _d23 |
||
| 300 | _aЗагл. и авт. ориг.: Python for Exel / Felix Zumstein | ||
| 320 | _aПредм. указ.: с. 325-330 | ||
| 454 | 0 |
_12001#$aPython for Exel$fFelix Zumstein _1700#1$aZumstein$bF.$gFelix |
|
| 606 | 1 |
_aPYTHON ANACONDA, язык программирования _2nlr_sh2 _3RU\NLR\AUTH\6601713761 |
|
| 606 | 1 |
_aMICROSOFT EXCEL, электронные таблицы _xПрограммирование _2nlr_sh1 _2nlr_sh2 _3RU\NLR\AUTH\661320536 |
|
| 686 | 1 | _aЗ973.23-018.1 | |
| 700 | 1 |
_aЗумштейн _bФ. _gФеликс |
|
| 942 | _cBOOK | ||
| 980 | _aNB | ||